000 00602nam a2200241 a 4500
001 nice12345678
003 IN_TiNIC
005 20260116011253.0
008 050524s1966 cama grp 000 0 eng
020 _a
_c100
082 0 0 _a180
_bROS
100 _aRosenthal, E I J
245 _aAverroes` Commentary on Plato`s Republic
260 _aCambridge
_bCambridge University Press
_c1966
300 _a339p
500 _aincludes index and biblioraphy
505 2 _aIndex
650 _aPhilosophy-Greek-Plato
700 1 _aRosenthal, E I J
902 _bSRS
942 _cBK
999 _c43
_d43